مفهوم السلطة و الدين في تجربة فتحي غانم الإبداعية / (رقم التسجيلة. 92752)

تفاصيل مارك
000 -LEADER
fixed length control field 00537nam a22001697a 4500
005 - DATE AND TIME OF LATEST TRANSACTION
control field 20251108172945.0
008 - FIXED-LENGTH DATA ELEMENTS--GENERAL INFORMATION
fixed length control field 250721s1999 xx 000 0 ara d
082 14 - DEWEY DECIMAL CLASSIFICATION NUMBER
Classification number 813.009/عبد
100 1# - MAIN ENTRY--PERSONAL NAME
Personal name عيد، حسين
245 10 - TITLE STATEMENT
Title مفهوم السلطة و الدين في تجربة فتحي غانم الإبداعية /
264 1# - PRODUCTION, PUBLICATION, DISTRIBUTION, MANUFACTURE, AND COPYRIGHT NOTICE
Place of production, publication, distribution, manufacture حلب :
Name of producer, publisher, distributor, manufacturer مركز الإنماء الحضاري،
Date of production, publication, distribution, manufacture, or copyright notice 1999.
300 ## - PHYSICAL DESCRIPTION
Extent 142ص
650 17 - SUBJECT ADDED ENTRY--TOPICAL TERM
Topical term or geographic name as entry element القصص العربية
650 17 - SUBJECT ADDED ENTRY--TOPICAL TERM
Topical term or geographic name as entry element النقد الأدبي
942 ## - ADDED ENTRY ELEMENTS (KOHA)
Source of classification or shelving scheme Dewey Decimal Classification
Koha item type كتب
المقتنيات
حالة السحب حالة الفقدان مصدر التصنيف حالة التلف غير قابل للإعارة المكتبة الرئيسية المكتبة الحالية موقع الرف تاريخ التزويد الرقم المتسلسل Total Checkouts رقم الإستدعاء الباركود تاريخ آخر ظهور تاريخ الفاتورة نوع المادة (كوها)
    Dewey Decimal Classification     المكتبة المركزية المكتبة المركزية الإعارة 28/07/2025 618503   813.009/عبد 618503 28/07/2025 28/07/2025 كتب
Implemented & Customized by: BBB with SCIT (Smart Chains for Information Technology)

Powered by Koha